Third five year plan progress report, 1961-66. (Record no. 86770)
[ view plain ]
| 000 -LEADER | |
|---|---|
| fixed length control field | 00580cam a2200193 4500 |
| 001 - CONTROL NUMBER | |
| control field | sa 68015893 |
| 003 - CONTROL NUMBER IDENTIFIER | |
| control field | DLC |
| 005 - DATE AND TIME OF LATEST TRANSACTION | |
| control field | 20260227112649.0 |
| 008 - FIXED-LENGTH DATA ELEMENTS--GENERAL INFORMATION | |
| fixed length control field | 700630s1968 ii a s 00000 eng |
| 010 ## - LIBRARY OF CONGRESS CONTROL NUMBER | |
| LC control number | sa 68015893 //r85 |
| 025 ## - OVERSEAS ACQUISITION NUMBER | |
| Overseas acquisition number | PL480:I-E-10421 |
| 050 0# - LIBRARY OF CONGRESS CALL NUMBER | |
| Classification number | HC437.M28 |
| Item number | A572 |
| 082 ## - DEWEY DECIMAL CLASSIFICATION NUMBER | |
| Classification number | 338.954/3 |
| 110 10 - MAIN ENTRY--CORPORATE NAME | |
| Corporate name or jurisdiction name as entry element | Madhya Pradesh (India). |
| Subordinate unit | Directorate of Economics and Statistics. |
| 245 10 - TITLE STATEMENT | |
| Title | Third five year plan progress report, 1961-66. |
| 260 1# - PUBLICATION, DISTRIBUTION, ETC. | |
| Place of publication, distribution, etc. | [Bhopal, |
| Date of publication, distribution, etc. | 1968] |
| 300 ## - PHYSICAL DESCRIPTION | |
| Extent | iii, 411 p. |
| Other physical details | illus. |
| Dimensions | 25 cm. |
| 651 #0 - SUBJECT ADDED ENTRY--GEOGRAPHIC NAME | |
| Geographic name | Madhya Pradesh (India) |
| General subdivision | Economic policy. |
No items available.